| 000 | 00397nam a22001337a 4500 | ||
|---|---|---|---|
| 040 | _cNUST | ||
| 082 | _a200 THE | ||
| 100 |
_aMahreen Ahmad _984243 |
||
| 110 |
_aSupervisor Dr Wasi Haider Butt _984244 |
||
| 245 | _aTH-SOF-1727-Using Social Network Analysis to Form Efficient Project Teams | ||
| 260 |
_aISLAMABAD: _bNUST COLLEGE OF EME, _c2019. |
||
| 650 |
_aMS-CSE-17 _984245 |
||
| 942 |
_2ddc _cTHE |
||
| 999 |
_c586784 _d586784 |
||